A method for raging chronometers by lunars containing a few practical hints on lunars on the best means of employing the results, and on the state of the sextant used for measuring the distance (Record no. 641)
[ view plain ]
| 000 -LEADER | |
|---|---|
| fixed length control field | 00611nam a2200181Ia 4500 |
| 003 - CONTROL NUMBER IDENTIFIER | |
| control field | IN-BaIIA |
| 008 - FIXED-LENGTH DATA ELEMENTS--GENERAL INFORMATION | |
| fixed length control field | 211028s9999 xx 000 0 eng d |
| 040 ## - CATALOGING SOURCE | |
| Transcribing agency | IIA Library |
| 080 ## - UNIVERSAL DECIMAL CLASSIFICATION NUMBER | |
| Universal Decimal Classification number | 523.34 |
| Item number | TOY |
| 100 ## - MAIN ENTRY--PERSONAL NAME | |
| Personal name | Toynbee, Henry |
| 245 #2 - TITLE STATEMENT | |
| Title | A method for raging chronometers by lunars containing a few practical hints on lunars on the best means of employing the results, and on the state of the sextant used for measuring the distance |
| Statement of responsibility, etc. | Henry Toynbee |
| 260 ## - PUBLICATION, DISTRIBUTION, ETC. | |
| Place of publication, distribution, etc. | London |
| Name of publisher, distributor, etc. | Charles Wilson |
| Date of publication, distribution, etc. | 1856 |
| 300 ## - PHYSICAL DESCRIPTION | |
| Extent | 26p. |
| 650 ## - SUBJECT ADDED ENTRY--TOPICAL TERM | |
| Topical term or geographic name entry element | Archives |
| 650 ## - SUBJECT ADDED ENTRY--TOPICAL TERM | |
| Topical term or geographic name entry element | Lunar Theory |
| 9 (RLIN) | 694 |
| 650 ## - SUBJECT ADDED ENTRY--TOPICAL TERM | |
| Topical term or geographic name entry element | Moon |
| 9 (RLIN) | 1324 |
| 942 ## - ADDED ENTRY ELEMENTS (KOHA) | |
| Koha item type | Books |
| Withdrawn status | Lost status | Damaged status | Not for loan | Home library | Current library | Shelving location | Date acquired | Total Checkouts | Full call number | Barcode | Date last seen | Price effective from | Koha item type |
|---|---|---|---|---|---|---|---|---|---|---|---|---|---|
| IIA Library-Bangalore | IIA Library-Kodaikanal | General Stacks | 523.34/ TOY | 662 | 05/11/2021 | Books |